[Event "Serpiano op"]
[Site "Serpiano"]
[Date "2024.04.06"]
[Round "2"]
[White "Dushatov, Timur"]
[Black "Tirelli, Mauro"]
[Result "1-0"]
[WhiteElo "2030"]
[BlackElo "2210"]
[PlyCount "69"]
[EventDate "2024.04.05"]
[EventType "swiss"]
[EventRounds "5"]
[EventCountry "SUI"]
[SourceTitle "CB16_2024"]
[SourceDate "2024.04.17"]
[SourceVersion "1"]
[SourceVersionDate "2024.04.17"]
[SourceQuality "1"]

1. e4 c5 2. Nf3 Nc6 3. Bb5 Na5 4. a4 a6 5. Be2 d6 6. 0-0 Nf6 7. d3 g6 8. e5 dxe5 9. Nxe5 Bg7 10. Bf3 0-0 11. Re1 Be6 12. Nc3 Rc8 13. Bf4 Nd5 14. Bxd5 Bxd5 15. Qd2 Be6 16. Bh6 Nc6 17. Nxc6 Rxc6 18. Bxg7 Kxg7 19. Ne4 f6 20. Nxc5 Rxc5 21. Rxe6 Qc7 22. c3 Rf7 23. Rae1 Qd7 24. Qe3 Rc7 25. Qe4 Kf8 26. h3 Rc5 27. Qb4 Rg5 28. Qe4 Ra5 29. b3 Rd5 30. d4 f5 31. Qf4 a5 32. h4 b5 33. R6e5 bxa4 34. bxa4 Rf6 35. Qh6+ 1-0

[Event "Bratislava exe op"]
[Site "Bratislava"]
[Date "2023.09.22"]
[Round "8"]
[White "Dushatov, Timur"]
[Black "Bartos, Jan"]
[Result "0-1"]
[WhiteElo "2006"]
[BlackElo "2123"]
[PlyCount "90"]
[EventDate "2023.09.15"]
[EventType "swiss"]
[EventRounds "9"]
[EventCountry "SVK"]
[SourceTitle "EXT 2024"]
[Source "ChessBase"]
[SourceDate "2023.10.10"]
[SourceVersion "1"]
[SourceVersionDate "2023.10.10"]
[SourceQuality "1"]

1. d4 Nf6 2. c4 e6 3. Nf3 d5 4. Nc3 Be7 5. cxd5 exd5 6. Bg5 c6 7. e3 Bf5 8. Bd3 Bxd3 9. Qxd3 Nbd7 10. 0-0 0-0 11. Rab1 Re8 12. Bf4 Nh5 13. b4 Nxf4 14. exf4 Bd6 15. g3 b5 16. Ne5 Rc8 17. Qf5 Re7 18. Rfc1 Nb6 19. Kg2 Nc4 20. h4 Qe8 21. Kg1 f6 22. Nf3 Rcc7 23. Qd3 Qh5 24. Kg2 Rc8 25. Re1 Rce8 26. Rxe7 Rxe7 27. Ne2 Qg6 28. Qxg6 hxg6 29. Kf1 Kf7 30. Nc1 Ke6 31. Nd3 Kd7 32. Rc1 Kc7 33. f5 gxf5 34. h5 Re4 35. Nc5 Bxc5 36. bxc5 f4 37. g4 b4 38. Nh4 f3 39. Nxf3 Rxg4 40. Ke2 a5 41. Rb1 Re4+ 42. Kd3 Rf4 43. Ke2 Rxf3 44. Rg1 Rh3 45. Rxg7+ Kb8 0-1

[Event "Bratislava exe op"]
[Site "Bratislava"]
[Date "2023.09.21"]
[Round "7"]
[White "Dushatov, Timur"]
[Black "Demeter, Peter"]
[Result "1/2-1/2"]
[WhiteElo "2006"]
[BlackElo "2113"]
[PlyCount "83"]
[EventDate "2023.09.15"]
[EventType "swiss"]
[EventRounds "9"]
[EventCountry "SVK"]
[SourceTitle "EXT 2024"]
[Source "ChessBase"]
[SourceDate "2023.10.10"]
[SourceVersion "1"]
[SourceVersionDate "2023.10.10"]
[SourceQuality "1"]

1. d4 Nf6 2. c4 g6 3. Nf3 Bg7 4. g3 c5 5. Bg2 0-0 6. 0-0 d6 7. Nc3 Nc6 8. h3 Nxd4 9. Nxd4 cxd4 10. Qxd4 Be6 11. Qh4 Rc8 12. b3 Rc5 13. Bf3 Qd7 14. Be3 Ra5 15. Kh2 h5 16. Rac1 Re5 17. Bf4 Rf5 18. Rfd1 Rc8 19. Be3 a6 20. Nd5 Bxd5 21. cxd5 Rxc1 22. Bxc1 Qc7 23. Qc4 Qd8 24. Kg2 Nd7 25. Be4 Re5 26. Bf4 Bf6 27. h4 Kg7 28. Bxe5 Nxe5 29. Qc2 Qa5 30. b4 Qb6 31. e3 Ng4 32. Bf3 Ne5 33. Be2 Qxb4 34. Qb1 Qa4 35. Rd4 Qd7 36. Rb4 b5 37. Qc2 Qb7 38. e4 Nd7 39. a4 Nc5 40. axb5 axb5 41. Rxb5 Qa7 42. Bf3 1/2-1/2

[Event "Bratislava exe op"]
[Site "Bratislava"]
[Date "2023.09.20"]
[Round "6"]
[White "Adrian, Claude"]
[Black "Dushatov, Timur"]
[Result "1/2-1/2"]
[WhiteElo "2161"]
[BlackElo "2006"]
[PlyCount "50"]
[EventDate "2023.09.15"]
[EventType "swiss"]
[EventRounds "9"]
[EventCountry "SVK"]
[SourceTitle "EXT 2024"]
[Source "ChessBase"]
[SourceDate "2023.10.10"]
[SourceVersion "1"]
[SourceVersionDate "2023.10.10"]
[SourceQuality "1"]

1. Nf3 b6 2. c4 Bb7 3. g3 Nf6 4. Bg2 c5 5. 0-0 g6 6. Nc3 Bg7 7. Re1 Ne4 8. Qc2 Nxc3 9. dxc3 0-0 10. e4 d6 11. e5 dxe5 12. Nxe5 Qc8 13. Bf4 Bxg2 14. Kxg2 Nc6 15. Qe4 Bxe5 16. Bxe5 Nxe5 17. Qxe5 e6 18. h4 Qc6+ 19. Kg1 h5 20. Qf6 Rfd8 21. Re3 Rd7 22. g4 hxg4 23. h5 gxh5 24. Qg5+ Kf8 25. Qxh5 Rad8 1/2-1/2

[Event "Astana Zhuldyzdary op-A"]
[Site "Astana"]
[Date "2023.07.15"]
[Round "6"]
[White "Akhmedinov, Satbek"]
[Black "Dushatov, Timur"]
[Result "1-0"]
[WhiteElo "1974"]
[BlackElo "1989"]
[PlyCount "107"]
[EventDate "2023.07.11"]
[EventType "swiss"]
[EventRounds "10"]
[EventCountry "KAZ"]
[SourceTitle "CBM 215 Extra"]
[Source "ChessBase"]
[SourceDate "2023.09.30"]
[SourceVersion "1"]
[SourceVersionDate "2023.09.30"]
[SourceQuality "1"]

1. e4 c6 2. Nf3 d5 3. Nc3 Bg4 4. h3 Bxf3 5. Qxf3 e6 6. d4 dxe4 7. Nxe4 Nd7 8. Bg5 Ngf6 9. Nxf6+ Nxf6 10. Bxf6 Qxf6 11. Qxf6 gxf6 12. Be2 Bd6 13. 0-0-0 Ke7 14. Bf3 Rad8 15. Rhe1 f5 16. c3 Rd7 17. b4 Rc8 18. Kb2 b6 19. a4 a5 20. Kb3 Ra7 21. Ra1 Kd7 22. Rec1 Ke7 23. Rd1 h6 24. Ra2 Kd7 25. Rb1 Kc7 26. Raa1 axb4 27. cxb4 e5 28. dxe5 Bxe5 29. Ra2 Rd8 30. Rd1 Rxd1 31. Bxd1 Ra8 32. Bc2 Rg8 33. a5 bxa5 34. bxa5 Bd4 35. a6 Rxg2 36. a7 Bxa7 37. Rxa7+ Kd6 38. Rxf7 Rxf2 39. Rf6+ Ke5 40. Rxh6 Kf4 41. Rh5 Ke5 42. Kc3 Kf6 43. Bd3 f4 44. Kd4 Rf3 45. Be4 Rg3 46. Bxc6 Rg5 47. Rh4 Kg7 48. Rxf4 Kh8 49. h4 Rg1 50. Ke5 Re1+ 51. Kf6 Rc1 52. Bd5 Rc5 53. Kg6 Rc8 54. Rf5 1-0

[Event "Astana Zhuldyzdary op-A"]
[Site "Astana"]
[Date "2023.07.14"]
[Round "5"]
[White "Dushatov, Timur"]
[Black "Bolat, Inayat"]
[Result "0-1"]
[WhiteElo "1989"]
[BlackElo "2085"]
[PlyCount "120"]
[EventDate "2023.07.11"]
[EventType "swiss"]
[EventRounds "10"]
[EventCountry "KAZ"]
[SourceTitle "CBM 215 Extra"]
[Source "ChessBase"]
[SourceDate "2023.09.30"]
[SourceVersion "1"]
[SourceVersionDate "2023.09.30"]
[SourceQuality "1"]

1. e4 e5 2. Nf3 Nc6 3. Nc3 Nf6 4. Bb5 Bb4 5. 0-0 0-0 6. Bxc6 dxc6 7. d3 Re8 8. Ne2 h6 9. Ng3 Bf8 10. h3 c5 11. Kh1 b6 12. Ng1 g5 13. f3 Kh7 14. Be3 Bd6 15. Qd2 Rg8 16. N1e2 Be6 17. Nf5 Bxf5 18. exf5 Nh5 19. g4 Nf4 20. Bxf4 gxf4 21. Nc3 Qh4 22. Qh2 Kg7 23. Ne4 f6 24. Qg2 h5 25. Kh2 Kf7 26. Qf2 Qxf2+ 27. Nxf2 Rh8 28. Kg2 Rh6 29. Ne4 Rah8 30. Rh1 Ke7 31. b3 Kd7 32. a4 Be7 33. Rad1 Kc6 34. Ra1 a6 35. Nc3 R6h7 36. Ne4 Kd5 37. Rae1 Kd4 38. Rd1 b5 39. c3+ Kd5 40. axb5 axb5 41. Rc1 Ra8 42. Ra1 Rhh8 43. Rhc1 c6 44. Rd1 b4 45. cxb4 cxb4 46. Rdc1 h4 47. Kf2 Ra3 48. Nd2 Bc5+ 49. Ke2 Bd4 50. Rab1 Ra2 51. Kd1 Rha8 52. Ne4 Rh2 53. Nxf6+ Kd6 54. Ne4+ Kd7 55. Nd2 Rxh3 56. g5 Rg3 57. g6 h3 58. Ne4 Rg1+ 59. Ke2 Ra2+ 60. Nd2 Rg2+ 0-1

[Event "Astana Zhuldyzdary op-A"]
[Site "Astana"]
[Date "2023.07.12"]
[Round "3"]
[White "Dushatov, Timur"]
[Black "Arestanov, Timur"]
[Result "0-1"]
[WhiteElo "1989"]
[BlackElo "2216"]
[PlyCount "82"]
[EventDate "2023.07.11"]
[EventType "swiss"]
[EventRounds "10"]
[EventCountry "KAZ"]
[SourceTitle "CBM 215 Extra"]
[Source "ChessBase"]
[SourceDate "2023.09.30"]
[SourceVersion "1"]
[SourceVersionDate "2023.09.30"]
[SourceQuality "1"]

1. e4 c5 2. Nf3 e6 3. d4 cxd4 4. Nxd4 a6 5. Nc3 Qc7 6. Bd3 Nf6 7. 0-0 b5 8. Qe2 d6 9. Bd2 Bb7 10. Rae1 Nbd7 11. Kh1 Nc5 12. b4 Nxd3 13. cxd3 Be7 14. a3 0-0 15. Rc1 Qd7 16. Nb3 Rac8 17. Na5 Ba8 18. Be3 e5 19. Nb3 Qe6 20. Nd2 Ng4 21. d4 Nxe3 22. Qxe3 exd4 23. Qxd4 Bf6 24. Qd3 Rxc3 25. Rxc3 Bxc3 26. Qxc3 Bxe4 27. Qd4 Bd5 28. Rc1 Re8 29. Nf1 Qe4 30. Qxe4 Bxe4 31. Ne3 d5 32. Rd1 g5 33. h3 Kg7 34. Kh2 Rd8 35. f3 d4 36. Ng4 Bc2 37. Rd2 d3 38. Ne5 Kf6 39. Ng4+ Ke6 40. Kg1 Kd5 41. Kf2 Kc4 0-1

[Event "Munich Laimer op 2nd"]
[Site "Munich"]
[Date "2023.05.30"]
[Round "9"]
[White "Dushatov, Timur"]
[Black "Lichtmannecker, Daniel"]
[Result "1-0"]
[WhiteElo "2009"]
[BlackElo "2141"]
[PlyCount "101"]
[EventDate "2023.05.26"]
[EventType "swiss"]
[EventRounds "9"]
[EventCountry "GER"]
[SourceTitle "CBM 214 Extra"]
[Source "ChessBase"]
[SourceDate "2023.07.31"]
[SourceVersion "1"]
[SourceVersionDate "2023.07.31"]
[SourceQuality "1"]

1. e4 c6 2. d4 d5 3. exd5 cxd5 4. Bd3 Nc6 5. c3 Nf6 6. h3 g6 7. Nf3 Bf5 8. Be2 Bg7 9. 0-0 0-0 10. Bf4 Qb6 11. Qb3 Qxb3 12. axb3 a5 13. Nbd2 Ne4 14. Bb5 Nxd2 15. Nxd2 Na7 16. Be2 Nc6 17. Rfe1 e5 18. dxe5 Nxe5 19. Nf3 Nc6 20. Bb5 Bc2 21. Ra3 Rfc8 22. Rc1 Be4 23. Ng5 Bf5 24. g4 Bd7 25. Rd1 d4 26. cxd4 Nxd4 27. Bxd7 Rd8 28. Rxd4 Bxd4 29. Bb5 Bg7 30. Bd7 Bd4 31. Bb5 Bxb2 32. Ra2 Rd1+ 33. Kg2 Bc1 34. Bxc1 Rxc1 35. Bc4 Kg7 36. Rd2 h6 37. Ne4 Re8 38. Nc5 Re7 39. Na4 Re5 40. Nb6 Re7 41. Rd5 Re6 42. Rb5 Rf6 43. Nd5 Rd6 44. Rxa5 f5 45. gxf5 gxf5 46. Rb5 Rd7 47. Nf4 Kf6 48. Bd3 Rc3 49. Rxf5+ Kg7 50. Ne6+ Kh8 51. Rf8# 1-0

[Event "Wch U10"]
[Site "Batumi"]
[Date "2022.09.18"]
[Round "3"]
[White "Amanov, Asad"]
[Black "Dushatov, Timur"]
[Result "0-1"]
[WhiteElo "1264"]
[BlackElo "1759"]
[PlyCount "86"]
[EventDate "2022.09.16"]
[EventType "swiss"]
[EventRounds "11"]
[EventCountry "GEO"]
[SourceTitle "EXT 2023"]
[Source "ChessBase"]
[SourceDate "2022.10.05"]
[SourceVersion "1"]
[SourceVersionDate "2022.10.05"]
[SourceQuality "1"]

1. e4 c6 2. d4 d5 3. e5 c5 4. c3 Nc6 5. f4 cxd4 6. cxd4 Nh6 7. Nf3 Bg4 8. Bb5 e6 9. Be3 Nf5 10. Bf2 Bb4+ 11. Nc3 0-0 12. 0-0 Bxf3 13. gxf3 Qb6 14. Bxc6 bxc6 15. Qd3 Qc7 16. Rac1 Ne7 17. Be1 Qd7 18. Na4 Bxe1 19. Rfxe1 Ng6 20. Qe3 Rac8 21. Nc5 Qe7 22. Re2 Qh4 23. Nd3 f6 24. Rec2 fxe5 25. fxe5 Qh3 26. Ne1 Rf4 27. Qf2 Rf5 28. Rxc6 Rcf8 29. Rc8 Nf4 30. Rxf8+ Rxf8 31. Rc7 Qf5 32. Qc2 Qg5+ 33. Kh1 Qh4 34. Ng2 Qh3 35. Qf2 Nh5 36. Ne1 h6 37. Rxa7 Rf5 38. Qg2 Qh4 39. Nd3 Rg5 40. Qc2 Ng3+ 41. Kg2 Ne2+ 42. Kf1 Rg1+ 43. Kxe2 Rg2+ 0-1

[Event "KAZ-ch U10"]
[Site "Ak Bulak"]
[Date "2022.03.24"]
[Round "7"]
[White "Dushatov, Timur"]
[Black "Akhmet, Suleyman"]
[Result "1/2-1/2"]
[WhiteElo "1254"]
[BlackElo "1323"]
[PlyCount "99"]
[EventDate "2022.03.20"]
[EventType "swiss"]
[EventRounds "9"]
[EventCountry "KAZ"]
[SourceTitle "EXT 2023"]
[Source "ChessBase"]
[SourceDate "2022.10.05"]
[SourceVersion "1"]
[SourceVersionDate "2022.10.05"]
[SourceQuality "1"]

1. e4 Nf6 2. e5 Nd5 3. d4 d6 4. c4 Nb6 5. exd6 cxd6 6. Nc3 g6 7. Be3 Bg7 8. Rc1 0-0 9. b3 Bf5 10. Be2 d5 11. c5 Nc8 12. Bf3 e6 13. g4 Be4 14. Nxe4 dxe4 15. Bxe4 Nc6 16. Ne2 N8e7 17. h4 f5 18. gxf5 Nxf5 19. Bg5 Bf6 20. Bxf5 exf5 21. Bxf6 Qxf6 22. d5 Ne5 23. Nd4 f4 24. f3 Qa6 25. Rc3 Rfe8 26. Ne6 Qa5 27. Qd2 Rad8 28. Kf2 Rxe6 29. Re1 Kh8 30. Qd4 Rxd5 31. Qxd5 Qxc3 32. Kf1 Re8 33. Re2 Kg7 34. Qxb7+ Kf6 35. Qe4 Qc1+ 36. Kg2 Re6 37. c6 Qxc6 38. Qxf4+ Kg7 39. Rxe5 Qd6 40. Re4 Qxf4 41. Rxf4 Re2+ 42. Kg3 Rxa2 43. Rb4 a5 44. Rb7+ Kh6 45. Ra7 Rb2 46. Rxa5 Rxb3 47. Kg4 Rb4+ 48. f4 Rb1 49. Ra7 Rg1+ 50. Kf3 1/2-1/2